Normal view
MARC view
- الكترونيات-كهرباء
Entry Topical Term
001 - CONTROL NUMBER
- control field: 14387
003 - CONTROL NUMBER IDENTIFIER
- control field: JO-AjAnu
005 - DATE AND TIME OF LATEST TRANSACTION
- control field: 20230606072610.0
008 - FIXED-LENGTH DATA ELEMENTS
- fixed length control field: 230606|| aca||aabn | a|a d
040 ## - CATALOGING SOURCE
- Original cataloging agency: JO-AjAnu
- Transcribing agency: JO-AjAnu
150 ## - HEADING--TOPICAL TERM
- Topical term or geographic name entry element: الكترونيات-كهرباء
670 ## - SOURCE DATA FOUND
- Source citation: Work cat.: (JO-AjAnu)7392: الدبس، ريم مصطفى, author 14386, كهرباء والكترونيات Electricty and Electronics